000 00366nam a2200145Ia 4500
003 OSt
005 20240311141925.0
008 170523s9999 xx 000 0 und d
020 _a 978-1119371809
040 _cIIMT UNIVERSITY MEERUT
100 _aSmith- Michael. B.
245 0 _aAdvanced Organic Chemistry
260 _aNew Delhi : Wiley India
942 _2ddc
_c02
999 _c11732
_d11732